Diagnóstico y tratamiento de las enfermedades del estómago según el estado actual de la ciencia / (Record no. 34719)

MARC details
000 -LEADER
campo de control de longitud fija 00876nam a2200217 i 4500
001 - NÚMERO DE CONTROL
campo de control 34719
003 - IDENTIFICADOR DE NÚMERO DE CONTROL
campo de control ES-MaACL
005 - FECHA Y HORA DE LA ÚLTIMA TRANSACCIÓN
campo de control 20251003184856.0
007 - CAMPO FIJO DE DESCRIPCIÓN FÍSICA--INFORMACIÓN GENERAL
campo de control de longitud fija t|
008 - DATOS DE LONGITUD FIJA--INFORMACIÓN GENERAL
campo de control de longitud fija 030207s1902 sp ||||1| spa d
100 1# - ENTRADA PRINCIPAL--NOMBRE DE PERSONA
Nombre de persona Boas, Ismar (
Fechas asociadas al nombre 1858-1938)
9 (RLIN) 29636
245 10 - MENCIÓN DEL TÍTULO
Título Diagnóstico y tratamiento de las enfermedades del estómago según el estado actual de la ciencia /
Mención de responsabilidad, etc. por J. Boas ; cuarta edición corregida y aumentada por Rafael del Valle, Miguel Gil y Casares ; con un prólogo de Eduardo Moreno Zaneudo.
260 ## - PUBLICACIÓN, DISTRIBUCIÓN, ETC.
Lugar de publicación, distribución, etc. Madrid :
Nombre del editor, distribuidor, etc. [s.n.,
Fecha de publicación, distribución, etc. 1902] (
Fabricante Nicolás Moya)
300 ## - DESCRIPCIÓN FÍSICA
Extensión 2 v. ;
Dimensiones 25 cm.
650 #4 - PUNTO DE ACCESO ADICIONAL DE MATERIA--TÉRMINO DE MATERIA
Término de materia o nombre geográfico como elemento de entrada Estómago-
Subdivisión general Enfermedades.
9 (RLIN) 136069
700 1# - ENTRADA AGREGADA--NOMBRE PERSONAL
Nombre de persona Valle, Rafael del.
9 (RLIN) 112774
700 1# - ENTRADA AGREGADA--NOMBRE PERSONAL
Nombre de persona Gil-Casares, Miguel,
Fechas asociadas al nombre 1871-1931
9 (RLIN) 56893
700 1# - ENTRADA AGREGADA--NOMBRE PERSONAL
Nombre de persona Moreno Zancudo, Eduardo,
Fechas asociadas al nombre 1853-1908
9 (RLIN) 158923
852 ## - LOCALIZACIÓN
Ubicación ES-MaACL
Número de control de estantería E-1476-77
Holdings
Estatus retirado Estado de pérdida Estado de daño No para préstamo Biblioteca de origen Biblioteca actual Ubicación en estantería Fecha de adquisición Fuente de adquisición Total de préstamos Signatura topográfica completa Código de barras Visto por última vez Precio de reemplazo Tipo de ítem Koha
        Biblioteca del Ateneo de Madrid Biblioteca del Ateneo de Madrid Depósito 2 17/01/2008     E-1476-77 1036227 23/02/2023 23/02/2023 Libro impreso